000
00318nam a22001337a 4500
008
180226b xxu||||| |||| 00| 0 eng d
020
_a
9780631191933
041
_a
eng
080
_a
316
100
_a
50
101
_a
SOC
245
_a
Social theory& sociology the classics and beyond
_c
Turner,S.P
942
_2
udc
_c
BK
999
_c
43434
_d
43434